Nghiên cứu xây dựng hệ thống câu hỏi trắc nghiệm khách quan để kiểm tra đánh giá kết quả học tập môn vật lý của học sinh lớp 12 phần quang lý

Cơ sở lý luận của kiểm tra đánh giá và xây dựng hệ thống câu hỏi trắc nghiệm khách quan. Xây dựng hệ thống câu hỏi trắc nghiệm khách quan ở hai chương "tính chất sóng của ánh sáng" và lượng tử ánh sáng - vật lý 12. Thực nghiệm sư phạm....

Descrizione completa

Salvato in:
Dettagli Bibliografici
Autore principale: Huỳnh, Thị Thanh Tuyền (Tác giả)
Altri autori: Nguyễn Bảo Hoàng Thanh T.S (Hướng dẫn)
Natura: Libro
Lingua:Vietnamese
Pubblicazione: Đà Nẵng Đại học Đà Nẵng 2007
Soggetti:
Tags: Aggiungi Tag
Nessun Tag, puoi essere il primo ad aggiungerne! !
Thư viện lưu trữ: Mạng thư viện Đại học Đà Nẵng
LEADER 01721nam a2200349 4500
001 000012218
003 8511
005 20120216150249.0
008 120216s2007 viesd
041 |a vie 
072 |a Khóa luận tốt nghiệp 
082 |a 373.238079  |b HU-T 
100 |a Huỳnh, Thị Thanh Tuyền  |e Tác giả 
245 |a Nghiên cứu xây dựng hệ thống câu hỏi trắc nghiệm khách quan để kiểm tra đánh giá kết quả học tập môn vật lý của học sinh lớp 12 phần quang lý  |c Huỳnh Thị Thanh Tuyền 
260 |a Đà Nẵng  |b Đại học Đà Nẵng  |c 2007 
300 |a 77 tr.  |c 29 cm 
500 |a Khóa luận tốt nghiệp khoa Vật lý. Lớp 031 VL01 
520 |a Cơ sở lý luận của kiểm tra đánh giá và xây dựng hệ thống câu hỏi trắc nghiệm khách quan. Xây dựng hệ thống câu hỏi trắc nghiệm khách quan ở hai chương "tính chất sóng của ánh sáng" và lượng tử ánh sáng - vật lý 12. Thực nghiệm sư phạm. 
653 |a Câu hỏi trắc nghiệm 
653 |a Đánh giá kết quả học tập 
653 |a Vật lý 12 
700 |a Nguyễn Bảo Hoàng Thanh  |c T.S  |e Hướng dẫn 
OWN |a LSP 
AVA |a UDN50  |b LSP  |d 373.238079 HU-T  |e available  |t Error 5001 Not defined in file expand_doc_bib_avail.  |f 1  |g 0  |h N  |i 0  |k 1 
999 |a From the UDN01 
AVA |a UDN50  |b LSP  |d 373.238079 HU-T  |e available  |t Error 5001 Not defined in file expand_doc_bib_avail.  |f 1  |g 0  |h N  |i 0  |k 1 
TYP |a Monograph 
TYP |a Printed language 
980 |a Mạng thư viện Đại học Đà Nẵng